All 250+ 'S' Girl Names that have ever ranked in the top 1000 (US) - Statistics

General Stats
  • This quiz has been taken 79 times
  • The average score is 116 of 280
Answer Stats
Highest Rank Female Name % Correct
27 Sara
97%
4 Sarah
97%
789 Sarrah
97%
2 Susan
90%
821 Susann
90%
300 Susanne
90%
397 Suzan
90%
757 Suzann
90%
53 Suzanne
90%
63 Sallie
87%
56 Sally
87%
4 Samantha
87%
858 Samatha
87%
91 Selena
85%
372 Selina
85%
738 Stefani
85%
151 Stefanie
85%
941 Stephaine
85%
992 Stephani
85%
6 Stephanie
85%
442 Stephany
85%
774 Stephenie
85%
487 Susana
85%
336 Susanna
85%
804 Susannah
85%
779 Suzanna
85%
10 Sofia
84%
1 Sophia
84%
511 Sandi
82%
897 Sandie
82%
5 Sandra
82%
126 Sandy
82%
238 Saundra
82%
589 Sharen
82%
8 Sharon
82%
264 Sharron
82%
241 Sharyn
82%
997 Sofie
81%
52 Sophie
81%
209 Serena
77%
957 Serina
77%
556 Sammie
74%
40 Stella
74%
228 Sheree
73%
115 Sheri
73%
683 Sherie
73%
828 Sherree
73%
82 Sherri
73%
215 Sherrie
73%
48 Sherry
73%
126 Shelley
71%
499 Shelli
71%
479 Shellie
71%
94 Shelly
71%
608 Siena
71%
136 Sienna
71%
67 Susie
71%
917 Sussie
71%
784 Suzie
71%
682 Suzy
71%
53 Sabrina
69%
52 Sadie
69%
488 Sadye
69%
917 Sebrina
69%
903 Shay
69%
66 Sue
68%
372 Sunny
68%
732 Savana
66%
500 Savanah
66%
210 Savanna
66%
30 Savannah
66%
612 Shannan
65%
19 Shannon
65%
610 Shanon
65%
935 Shaun
65%
168 Shawn
65%
50 Sheila
65%
664 Sheilah
65%
53 Sierra
65%
441 Sommer
63%
119 Summer
63%
152 Sasha
61%
712 Sky
61%
176 Sonia
61%
220 Sonja
61%
114 Sonya
61%
224 Shauna
60%
139 Shawna
60%
963 Shawnna
60%
384 Skye
60%
259 Samara
58%
376 Scarlet
58%
14 Scarlett
58%
779 Scarlette
58%
41 Stacey
58%
253 Staci
58%
146 Stacie
58%
33 Stacy
58%
265 Sidney
56%
515 Silvia
56%
209 Stevie
56%
540 Sydnee
56%
23 Sydney
56%
559 Sydni
56%
681 Sydnie
56%
50 Sylvia
56%
934 Sharyl
55%
487 Sherrill
55%
616 Sherryl
55%
112 Sheryl
55%
998 Sheryll
55%
347 Shirlee
55%
2 Shirley
55%
895 Shirlie
55%
347 Simone
55%
897 Star
55%
714 Starr
55%
319 Shaina
53%
168 Shanna
53%
392 Shayna
53%
504 Skyla
53%
42 Skylar
53%
250 Skyler
53%
183 Shana
52%
819 Sol
52%
58 Serenity
50%
279 Shayla
50%
143 Sage
48%
395 Saige
48%
671 Sanaa
45%
797 Shani
45%
675 Selene
44%
480 Shelbi
44%
529 Shelbie
44%
34 Shelby
44%
572 Sloan
44%
140 Sloane
44%
649 Siobhan
42%
509 Sibyl
40%
930 Siya
40%
296 Sybil
40%
450 Syble
40%
360 Sylvie
40%
175 Selma
39%
688 Simona
39%
773 Samira
37%
913 Sapphire
37%
216 Sawyer
37%
207 Saylor
37%
91 Sheena
37%
917 Shena
37%
596 Sabina
35%
146 Shari
35%
817 Stephania
35%
398 Sarai
32%
711 Shane
32%
649 Sariah
31%
580 Sariyah
31%
280 Selah
31%
291 Shania
31%
566 Shaniya
31%
698 Shea
31%
494 Saniya
29%
568 Saniyah
29%
803 Sarahi
29%
202 Scottie
29%
778 Seraphina
29%
197 Sutton
29%
342 Suzette
29%
396 Sena
27%
979 Shira
27%
702 Starla
27%
373 Sade
26%
673 Salma
26%
819 Samiyah
26%
784 Shaylee
26%
473 Sharlene
24%
260 Shiloh
24%
847 Shona
24%
781 Shonna
24%
735 Saoirse
23%
784 Sarina
23%
818 Shyla
23%
824 Soleil
23%
790 Stormi
23%
801 Stormy
23%
799 Salena
21%
495 Salina
21%
723 Santa
21%
432 Shonda
21%
988 Steven
21%
913 Soraya
19%
417 Salem
18%
781 Shara
18%
981 Spencer
18%
522 Santana
16%
547 Sevyn
16%
550 Shante
16%
637 Sharla
16%
756 Shianne
16%
713 Shyann
16%
482 Shyanne
16%
477 Sina
16%
199 Sondra
16%
534 Sunshine
16%
536 Shakira
15%
499 Shantel
15%
871 Shantell
15%
872 Shawnee
15%
868 Sibbie
15%
695 Scout
13%
691 Solana
13%
541 Salome
11%
927 Sannie
11%
919 Shanell
11%
960 Shanelle
11%
162 Shanice
11%
937 Shaniece
11%
842 Sheridan
11%
794 Sherilyn
11%
827 Spring
11%
610 Sula
11%
588 Sigrid
10%
587 Suellen
10%
826 Sybilla
10%
883 Santina
8%
753 Shasta
8%
632 Shirlene
8%
925 Senora
6%
173 Shelia
6%
624 Sherlyn
6%
889 Sinda
6%
869 Sister
6%
581 Stacia
6%
814 Stasia
6%
256 Sudie
6%
816 Sylvania
6%
657 Sabra
5%
751 Sada
5%
770 Sarita
5%
856 Shanequa
5%
626 Shanika
5%
327 Shaniqua
5%
577 Shanta
5%
614 Shavon
5%
754 Shavonne
5%
719 Sheron
5%
721 Sherron
5%
868 Shalon
3%
498 Shanda
3%
947 Sharita
3%
742 Sherita
3%
714 Shiela
3%
926 Siddie
3%
502 Signe
3%
903 Saanvi
2%
788 Santos
2%
470 Shameka
2%
570 Shamika
2%
663 Shanae
2%
669 Sharman
2%
745 Shawnte
2%
341 Shelba
2%
886 Shreya
2%
589 Socorro
2%
432 Sophronia
2%
865 Sanjuana
0%
764 Sanjuanita
0%
845 Savilla
0%
673 Shalonda
0%
879 Shanita
0%
910 Shaquita
0%
617 Sharonda
0%
810 Shawanda
0%
871 Shawnda
0%
471 Shelva
0%
874 Shelvia
0%
867 Shelvie
0%
902 Shirleyann
0%
901 Signa
0%
No matching quizzes found
Score Distribution
Percent of People with Each Score
Percentile by Number Answered
Your Score History
You have not taken this quiz